World Capitals Once in Austria Hungary - Statistics

General Stats
  • This quiz has been taken 283 times
  • The average score is 7 of 7
Answer Stats
Capital % Correct
Budapest
100%
Vienna
100%
Zagreb
95%
Bratislava
94%
Prague
94%
Sarajevo
90%
Ljubljana
86%
No matching quizzes found
Score Distribution
Percent of People with Each Score
Percentile by Number Answered
Your Score History
You have not taken this quiz